[路線図付き] 東急電鉄 田園都市線 駅名穴埋めクイズ - Statistics

General Stats
  • This quiz has been taken 1,764 times
  • The average score is 20 of 27
Answers on the Map
Answers color-coded by a green-red scale on the quiz's map according to % correct below.
 
Answer Stats
Answer % Correct
田園都市線 DT01 渋谷
98%
田園都市線 DT03 三軒茶屋
89%
田園都市線 DT07 二子玉川
89%
田園都市線 DT27 中央林間
89%
田園都市線 DT10 溝の口
84%
田園都市線 DT22 長津田
83%
田園都市線 DT02 池尻大橋
81%
田園都市線 DT08 二子新地
81%
田園都市線 DT15 たまプラーザ
80%
田園都市線 DT16 あざみ野
79%
田園都市線 DT25 南町田グランベリーパーク
78%
田園都市線 DT06 用賀
77%
田園都市線 DT04 駒澤大学
76%
田園都市線 DT05 桜新町
76%
田園都市線 DT14 鷺沼
74%
田園都市線 DT09 高津
73%
田園都市線 DT13 宮前平
69%
田園都市線 DT12 宮崎台
68%
田園都市線 DT20 青葉台
68%
田園都市線 DT26 つきみ野
64%
田園都市線 DT11 梶が谷
63%
田園都市線 DT21 田奈
63%
田園都市線 DT23 つくし野
60%
田園都市線 DT17 江田
59%
田園都市線 DT24 すずかけ台
59%
田園都市線 DT18 市が尾
58%
田園都市線 DT19 藤が丘
54%
No matching quizzes found
Score Distribution
Percent of People with Each Score
Percentile by Number Answered
Your Score History
You have not taken this quiz